000 00626nas a2200229 4500
001 BR7503127
003 BR-BrBNA
005 20231205082831.0
007 ta
008 230509b bl.|||p| |||| 00| 00por d
040 _aBR-BrBNA
_bpor
_cBiblioteca Nacional de Agricultura
041 _a(Pt)
072 _aL10
100 1 _aAnon.
245 1 _aOs metodos para diagnosticar a prenhez
650 _aPRENHEZ
650 _aDIAGNOSTICO
650 _aVACA LEITEIRA
773 0 _tGranja (Brazil)
_xISSN 0367-505X
_g(Nov 1975), v. 31(334) p. 22-23
_wBR7503127
909 _a202311
_bLúcia
_c55
_dLúcia Elande
942 _2AGRIS
_n0
_cANA
999 _c94522
_d94522